000 00787nam a2200181 a 4500
008 120416s1981 ||||||||||||||||| || u
020 _a9061910919
050 _aSB 438 COU
100 _aCourt, Doreen
245 1 0 _aSucculent flora of Southern Africa: a comprehensive and authoritative guide to 164 genera in nine family groups
260 _aRotterdam
_bA.A.Balkema
_c1981
300 _axvi, 224p. : ill
350 _a0.00
650 _aBOTANY--AFRICA, SOUTHERN
650 _aSUCCULENT PLANTS--AFRICA, SOUTHERN
995 _aREFERENCE BOOKS
_D0.00
_e727559
_FCBU-MAIN LIBRARY (Kitwe)
_H1
_I98.00
_jSB 438 Cou
_M1
_UREFERENCE
_y025419
_ZReference Collection
995 _aREFERENCE BOOKS
_D0.00
_e727560
_FCBU-MAIN LIBRARY (Kitwe)
_H2
_I98.00
_jSB 438 Cou
_M2
_UREFERENCE
_y025420
_ZReference Collection
999 _c80813
_d80813